00899cam a2200241 4500001001300000003000400013005001700017008004100034010001700075040003600092050002100128070002000149110007700169245012600246260004800372300002500420490007500445650001500520650001400535710005000549830004100599999001700640agr68000090 DLC20260227111029.0691209s1968 dcua 000 0 eng c aagr68000090  aU.S. Nat'l Agr. Libr.cDLCdDLC10aTX7b.U6 no. 1320 a1Ag84Hg no. 1321 aUnited States.bAgricultural Research Service.bCrops Research Division.10aGrowing magnoliasc[prepared by Crops Research Division, and Entomology Research Division, Agricultural Research Service. aWashington,bU.S. Govt. Print. Off.,c1968. a8 p.billus.c24 cm.1 aUnited States. Dept. of Agriculture. Home and garden bulletinvno. 132 0aMagnolias. 3aMagnolia.1 aUnited States.bEntomology Research Division. 0aHome and garden bulletin ;vno. 132. c12399d12399